000
00211nam a2200097Ia 4500
008
170619s9999 xx 000 0 und d
100
_a
CHAUHAN BS
245
0
_a
ENGINEERING CHEMISTRY
260
_b
LAXMI
260
_c
2009
546
_a
ENGLISH
999
_c
18777
_d
18777